Statistics for Currents - Tame Impala

Click here to take the quiz!

General Stats

  • This quiz has been taken 16 times
  • The average score is 9 of 13

Answer Stats

HintAnswer% Correct
1Let it Happen
100%
2Nangs
100%
13New Person, Same Old Mistakes
100%
7The Less I Know The Better
85%
3The Moment
77%
10'Cause I'm A Man
69%
5Eventually
62%
6Gossip
62%
11Reality in Motion
54%
12Love/Paranoia
46%
4Yes I'm Changing
46%
9Disciples
38%
8Past Life
38%

Score Distribution

Percentile by Number Answered

Percent of People with Each Score

Your Score History

You have not taken this quiz